000 00711nam a2200241Ia 4500
005 20260430150408.0
008 008 250103s9999 xx 000 0 eng d
037 _aTheses
040 _aCRL
040 _beng
040 _ceng
041 _2eng
041 _aeng
084 _qCRL
100 _aAgrawal Nishtha Au.; Singh Sunit K. Gu.; Dhawan Gagan Gu.; Khanna Madhu Gu.
_91237371
245 0 _aModulating Host Signalling Cascade: Potential Antiviral Tool Against Chikungunya Virus
260 _c2023
300 _a106p.
650 _aMedicine
700 _aUniversity of Delhi. Faculty of Medical Sciences. Deptt. of Biomedical Research
_91237372
942 _cTH
999 _c1849680
_d1849680